00546nam a2200181 a 45000010010000000030011000100080041000210350026000620820014000881000022001022450046001242600044001706500013002149420012002279520090002399980020003299990015003490000-8567ELIB.Books110520 1928  a(ELIB.Books)0000-8713 a230 bKir aKirth, Kenneth E. aThe Vision of God: the Christian Doctrine bLondon: Longmans, Green and Co,. c1928 aTheology 2ddccBK 00102ddc4070aKBTSbKBTSd2011-05-20l0p4107r2022-01-22 00:00:00w2022-01-22yBK cbate2011-05-20 c8567d8567